Crown Estate Commissioners v John Mowlen and Company Ltd (Record no. 12613)

MARC details
000 -LEADER
fixed length control field 01403cab a2200229 4500
001 - CONTROL NUMBER
control field X1735
008 - FIXED-LENGTH DATA ELEMENTS--GENERAL INFORMATION
fixed length control field 090401t1994 xxu||||| |||| 00| 0 eng d
035 ## - SYSTEM CONTROL NUMBER
System control number (Sirsi) u18957
041 ## - LANGUAGE CODE
Language code of text/sound track or separate title eng
245 ## - TITLE STATEMENT
Title Crown Estate Commissioners v John Mowlen and Company Ltd
260 ## - PUBLICATION, DISTRIBUTION, ETC.
Date of publication, distribution, etc. 1994
350 ## - PRICE (NR) (BK AM CF MU VM SE) [OBSOLETE]
Price 0
490 ## - SERIES STATEMENT
Series statement Construction Law Journal
Volume/sequential designation (1994) 10 CLJ 311-325(15)
520 ## - SUMMARY, ETC.
Summary, etc. CA 29 July 1994. C entered into a JCT 1980 standard form of building contract (private with quantities edition) for the construction of a commercial development. The architects issued a final certificate on 2 December 1992 and under clause 30.9.1.1 of the contract, this was stated to be conclusive evidence that quality of materials and workmanship had been met to the satisfaction of the architect. On 6 April 1993 C gave notice of arbitration in respect of defects and on 7 April C issued an originating summons under Arbitration Act 1950 s27 to extend the time in which to give a written notice to concur in the appointment of an arbitrator. The judge granted C the decision and J appealed. Appeal was allowed.
650 ## - SUBJECT ADDED ENTRY--TOPICAL TERM
Topical term or geographic name entry element ARBITRATION ACT 1950 S27
650 ## - SUBJECT ADDED ENTRY--TOPICAL TERM
Topical term or geographic name entry element CROWN ESTATE COMMISSIONERS V JOHN MOWLEM AND COMPANY LTD
650 ## - SUBJECT ADDED ENTRY--TOPICAL TERM
Topical term or geographic name entry element FINAL CERTIFICATES
650 ## - SUBJECT ADDED ENTRY--TOPICAL TERM
Topical term or geographic name entry element JCT STANDARD FORM OF BUILDING CONTRACT (1980 EDITION)
690 ## - LOCAL SUBJECT ADDED ENTRY--TOPICAL TERM (OCLC, RLIN)
Topical term or geographic name as entry element BUILDING AND CONSTRUCTION-CASE LAW
942 ## - ADDED ENTRY ELEMENTS (KOHA)
Suppress in OPAC 0
948 ## - LOCAL PROCESSING INFORMATION (OCLC); SERIES PART DESIGNATOR (RLIN)
c (OCLC) 04/03/1997
Holdings
Withdrawn status Lost status Source of classification or shelving scheme Damaged status Not for loan Home library Current library Shelving location Date acquired Total Checkouts Full call number Barcode Date last seen Copy number Price effective from Koha item type
    Dewey Decimal Classification     London London Journal article 14/09/1999   X1735 18957-1001 06/08/2019 1 06/08/2019 Law report